000 00598nam a22001817a 4500
005 20251108175754.0
008 250721s2021 xx 000 0 ara d
082 1 4 _aم/200.3/عبي
100 1 _aعبيدالله، محمد
245 1 0 _aمفاتيح التراث:معجم الاديان و المعتقدات و المعارف قبل الاسلام /
264 1 _aعمان :
_bدار الفارس للنشر و التوزيع،
_c2021.
300 _a503ص.
650 1 7 _aالقواميس
650 1 7 _aالديانات
650 1 7 _aالتراث
942 _2ddc
_cREF
999 _c142019
_d142019